Manual de auditoría (Registro nro. 520)

Detalles MARC
000 -LEADER
fixed length control field 01773 a2200313 4500
001 - CONTROL NUMBER
control field 13360
005 - DATE AND TIME OF LATEST TRANSACTION
control field 20260407155442.0
008 - FIXED-LENGTH DATA ELEMENTS--GENERAL INFORMATION
fixed length control field 260407a1985 arg spa d
003 - CONTROL NUMBER IDENTIFIER
control field AR-UNSa-BCEJYS
040 ## - CATALOGING SOURCE
Original cataloging agency AR-UNSa-BCEJYS
Language of cataloging spa
Transcribing agency AR-UNSa-BCEJYS
080 ## - UNIVERSAL DECIMAL CLASSIFICATION NUMBER
Universal Decimal Classification number 657.6
Common auxiliary subdivision Auditoria (control interno)
041 ## - LANGUAGE CODE
Language code of text/sound track or separate title spa
100 1# - MAIN ENTRY--PERSONAL NAME
Personal name Lattuca, Antonio Juan
245 10 - TITLE STATEMENT
Title Manual de auditoría
Name of part/section of a work area auditoría. Informe Nº 5
264 #1 - PRODUCTION, PUBLICATION, DISTRIBUTION, MANUFACTURE, AND COPYRIGHT NOTICE
Place of production, publication, distribution, manufacture Buenos Aires :
Name of producer, publisher, distributor, manufacturer FACPCE (Federación Argentina de Consejos Profesionales de Ciencias Económicas)
Date of production, publication, distribution, manufacture, or copyright notice 1985
300 ## - PHYSICAL DESCRIPTION
Extent 504 p.
Dimensions 22 cm.
505 ## - FORMATTED CONTENTS NOTE
Formatted contents note 1. Conceptos generales - 2. Planificación de la auditoria - 3. Evaluación de los elementos de control - 4. Las pruebas en auditoria - 5. Papeles de trabajo - 6. Caja y bancos - 7. Cuentas por cobrar y ventas - 8. Bienes de cambio y costo de ventas - 9. Inversiones y sus resultados - 10. Bienes de uso y amortizaciones - 11. Activos intangibles - 12. Compras y deudas - 13. Previsiones - 14. Patrimonio neto - 15. Estado de resultado - 16. Notas y cuentas de orden - 17. Estado de origen y aplicación del capital de trabajo - 18. Revisión del ajuste de los estados contables por inflación - 19. Trabajos finales e informes del auditor - 20. Procedimientos de auditoria en un contexto computarizado.
590 ## - LOCAL NOTE (RLIN)
Local note niveau_biblio:m niveau_hierar:0
700 1# - ADDED ENTRY--PERSONAL NAME
Personal name Mora, Cayetano Angel Víctor
700 1# - ADDED ENTRY--PERSONAL NAME
Personal name Escribano Martínez, Florencio
700 1# - ADDED ENTRY--PERSONAL NAME
Personal name Rodríguez Rodríguez, Ernesto
700 1# - ADDED ENTRY--PERSONAL NAME
Personal name Brojt, David
700 1# - ADDED ENTRY--PERSONAL NAME
Personal name Gallo, Daniel
700 1# - ADDED ENTRY--PERSONAL NAME
Personal name Roura, Osvaldo
700 1# - ADDED ENTRY--PERSONAL NAME
Personal name Blanco, Miguel
700 1# - ADDED ENTRY--PERSONAL NAME
Personal name Federación Argentina de Consejos Profesionales de Ciencias Económicas (FACPCE)
700 1# - ADDED ENTRY--PERSONAL NAME
Personal name Centro de Estudios Científicos y Técnicos (CECYT)
942 ## - ADDED ENTRY ELEMENTS (KOHA)
Koha item type
Existencias
Withdrawn status Lost status Damaged status Not for loan Home library Current library Shelving location Date acquired Total checkouts Full call number Barcode Date last seen Price effective from Koha item type
        Biblioteca Prof. Eusebio Cleto del Rey Biblioteca Prof. Eusebio Cleto del Rey   07/04/2026   657.6 M294 L53516 07/04/2026 07/04/2026 Libro
        Biblioteca Prof. Eusebio Cleto del Rey Biblioteca Prof. Eusebio Cleto del Rey   07/04/2026   657.6 M294 L53517 07/04/2026 07/04/2026 Libro
        Biblioteca Prof. Eusebio Cleto del Rey Biblioteca Prof. Eusebio Cleto del Rey   07/04/2026   657.6 M294 L53515 07/04/2026 07/04/2026 Libro